| 000 | 00336nam a2200133Ia 4500 | ||
|---|---|---|---|
| 005 | 20260328104244.0 | ||
| 008 | 260328s9999||||xx |||||||||||||| ||und|| | ||
| 100 | _aBlair, Sheila S. | ||
| 245 | 0 |
_aArte y Arquitectura del Islam 1250 - 1800 / _cSheila S. Blair |
|
| 260 | _bCátedra | ||
| 300 | _a527 p. | ||
| 650 | _aIslam | ||
| 942 | _cBK | ||
| 999 |
_c10007 _d10007 |
||